Ayax; Antígona; Edipo rey / (Record no. 107992)

MARC details
000 -LEADER
campo de control de longitud fija 00944nam a2200265 i 4500
001 - NÚMERO DE CONTROL
campo de control 107992
003 - IDENTIFICADOR DE NÚMERO DE CONTROL
campo de control ES-MaACL
005 - FECHA Y HORA DE LA ÚLTIMA TRANSACCIÓN
campo de control 20251009173251.0
007 - CAMPO FIJO DE DESCRIPCIÓN FÍSICA--INFORMACIÓN GENERAL
campo de control de longitud fija t|
008 - DATOS DE LONGITUD FIJA--INFORMACIÓN GENERAL
campo de control de longitud fija 070108s1969 sp ||||1| spa d
080 ## - NÚMERO DE LA CLASIFICACIÓN DECIMAL UNIVERSAL
Número de la Clasificación Decimal Universal 875-21"-04"
100 0# - ENTRADA PRINCIPAL--NOMBRE DE PERSONA
Nombre de persona Sófocles.
9 (RLIN) 107023
245 10 - MENCIÓN DEL TÍTULO
Título Ayax; Antígona; Edipo rey /
Mención de responsabilidad, etc. Sófocles; edición y notas de Carlos Miralles Sola; prólogo de José María Pemán; introducción de José Alsina Clota.
260 ## - PUBLICACIÓN, DISTRIBUCIÓN, ETC.
Lugar de publicación, distribución, etc. Estella (Navarra) :
Nombre del editor, distribuidor, etc. Salvat,
Fecha de publicación, distribución, etc. 1969.
300 ## - DESCRIPCIÓN FÍSICA
Extensión 178 p., 1 h. ;
Dimensiones 19 cm.
490 1# - MENCIÓN DE SERIE
Mención de serie Biblioteca básica Salvat de Libros RTV ;
Designación de volumen o secuencia 35
700 1# - ENTRADA AGREGADA--NOMBRE PERSONAL
Nombre de persona Pemán, José María,
Fechas asociadas al nombre 1897-1981
9 (RLIN) 90130
700 1# - ENTRADA AGREGADA--NOMBRE PERSONAL
Nombre de persona Miralles, Carles,
Fechas asociadas al nombre 1944-2015
9 (RLIN) 172273
700 1# - ENTRADA AGREGADA--NOMBRE PERSONAL
Nombre de persona Alsina Clota, José.
9 (RLIN) 20486
740 0# - ENTRADA AGREGADA--TÍTULO RELACIONADO/ANALÍTICO NO CONTROLADO
Título relacionado o analítico no controlado Antígona.
740 0# - ENTRADA AGREGADA--TÍTULO RELACIONADO/ANALÍTICO NO CONTROLADO
Título relacionado o analítico no controlado Edipo rey.
830 00 - PUNTO DE ACCESO ADICIONAL DE SERIE-TÍTULO UNIFORME
Título uniforme Biblioteca básica Salvat de libros RTV
Designación de volumen o secuencia 35
9 (RLIN) 185398
852 ## - LOCALIZACIÓN
Ubicación ES-MaACL
Número de control de estantería E-2956
Sublocalización o colección R.69765
Holdings
Estatus retirado Estado de pérdida Estado de daño No para préstamo Biblioteca de origen Biblioteca actual Ubicación en estantería Fecha de adquisición Fuente de adquisición Total de préstamos Signatura topográfica completa Código de barras Visto por última vez Precio de reemplazo Tipo de ítem Koha
        Biblioteca del Ateneo de Madrid Biblioteca del Ateneo de Madrid Depósito 2 17/01/2008     E-2956 1112697 23/02/2023 23/02/2023 Libro impreso